000 00573nam a22001937a 4500
999 _c195481
_d195481
005 20230329171338.0
010 _aENG-136553
020 _a9789355297594
_c395.00
035 _aEN-120085
037 _bDBAD/PUB
082 _a881
245 _aSelected Lyrics Of Giewec Poets /
_cEdit By Ajit Bishnoi
250 _aFirst
260 _aNew Delhi
_bAuthorpress
_c2022
270 _aQ-2A, Hauz Khas Enclave
_bNew Delhi
_e110016
_mauthorspressgroup@gmail.com
_k9818049852
300 _a172p.;
_c23cm(pbk)
760 _b6th
942 _2ddc
_cEN
_h881
_mDOM